000 00314nam a22001457a 4500
008 210511b ||||| |||| 00| 0 eng d
020 _a9780821223161
041 _aeng
080 _a7
082 _a7
100 _a44
101 _aART
245 _aPaintings in The Vatican
_cPietrangeli,C
942 _2udc
_cBK
999 _c57166
_d57166